| 000 | 00463nam a2200157 4500 | ||
|---|---|---|---|
| 001 | 117444 | ||
| 003 | ES-MaACL | ||
| 005 | 20230906190914.0 | ||
| 007 | t| | ||
| 008 | 070214s1960 sp r ||||1| spa d | ||
| 100 | 1 |
_aPera Verdaguer, Francisco. _990340 |
|
| 245 | 1 | 0 |
_aProcedimiento económico administrativo / _cFrancisco Pera Verdaguer. |
| 260 |
_aBarcelona : _bHispano Europea, _c1960. |
||
| 300 |
_a282 p. ; _c23 cm. |
||
| 852 |
_aES-MaACL _jC-17646 _bR.46077 |
||
| 999 |
_c117444 _d117444 |
||